|
|
|
|
| LEADER |
01596cam a2200361 a 4500 |
| 001 |
4982078 |
| 003 |
BD-DhAAL |
| 005 |
20130527164746.0 |
| 008 |
130527r19991962inua b 001 0 eng |
| 010 |
|
|
|a 98045532
|
| 020 |
|
|
|a 0865972176 (alk. paper)
|
| 020 |
|
|
|a 0865972184 (pbk. : alk. paper)
|
| 040 |
|
|
|a DLC
|c DLC
|d DLC
|
| 050 |
0 |
0 |
|a JC423
|b .B86 1999
|
| 082 |
0 |
0 |
|a 321.8
|2 21
|
| 100 |
1 |
|
|a Buchanan, James M.
|9 1973
|
| 245 |
1 |
4 |
|a The calculus of consent :
|b logical foundations of constitutional democracy /
|c James M. Buchanan and Gordon Tullock.
|
| 260 |
|
|
|a Indianapolis :
|b Liberty Fund,
|c c1999.
|
| 300 |
|
|
|a xx, 356 p. :
|b ill. ;
|c 24 cm.
|
| 490 |
1 |
|
|a The collected works of James M. Buchanan ;
|v v. 3
|
| 500 |
|
|
|a Originally published: Ann Arbor : University of Michigan Press, [1962]. With new foreword, coauthor note, and indexes.
|
| 504 |
|
|
|a Includes bibliographical references and indexes.
|
| 650 |
|
0 |
|a Democracy.
|9 1974
|
| 650 |
|
0 |
|a Social choice.
|9 1975
|
| 650 |
|
0 |
|a Voting.
|9 1976
|
| 700 |
1 |
|
|a Tullock, Gordon.
|9 1977
|
| 800 |
1 |
|
|a Buchanan, James M.
|t Works.
|f 1999 ;
|v v. 3.
|9 1978
|
| 906 |
|
|
|a 7
|b cbc
|c orignew
|d 1
|e ocip
|f 19
|g y-gencatlg
|
| 942 |
|
|
|2 ddc
|c BK
|
| 955 |
|
|
|a pc06 to sa00 09-17-98; sf10 09-23-98; sf11 09-24-98; sf05 09-24-98; bk rec'd, to CIP ver. ps03 11-17-99; CIP ver. sf02 12-09-99; sf01 to BCCD 12-15-99; copy 2 to BCCD, sb15 10-24-00
|
| 984 |
|
|
|a gsl
|
| 999 |
|
|
|c 13501
|d 13501
|
| 952 |
|
|
|0 0
|1 0
|2 ddc
|4 0
|6 321_800000000000000_BUC
|7 0
|9 22517
|a IGS
|b IGS
|c GEN
|d 2013-05-27
|e Riza Enterprise
|g 1435.00
|l 0
|o 321.8 BUC
|p 3010027100
|r 2013-05-27
|t 1
|w 2013-05-27
|y BK
|